Online katalóg knižníc regiónu Turca

Maltézsky anjel (Record no. 22276)

MARC details
000 -LEADER
fixed length control field 01708cam a2200457 a 4500
001 - CONTROL NUMBER
control field 22276
003 - CONTROL NUMBER IDENTIFIER
control field VRT
005 - DATE AND TIME OF LATEST TRANSACTION
control field 20260324162710.0
008 - FIXED-LENGTH DATA ELEMENTS--GENERAL INFORMATION
fixed length control field 240226s1994 xo gr 000 f slo
015 ## - NATIONAL BIBLIOGRAPHY NUMBER
National bibliography number SNBA1995/01
020 ## - INTERNATIONAL STANDARD BOOK NUMBER
International Standard Book Number 8022005568
Qualifying information (viazané)
035 ## - SYSTEM CONTROL NUMBER
System control number SNK000020369
039 #9 - LEVEL OF BIBLIOGRAPHIC CONTROL AND CODING DETAIL [OBSOLETE]
Level of rules in bibliographic description 202406241426
Level of effort used to assign nonsubject heading access points csnk01
Level of effort used to assign subject headings 202402262013
Level of effort used to assign classification VLOAD
Level of effort used to assign subject headings 202401111552
Level of effort used to assign classification VLOAD
Level of effort used to assign subject headings 202304112203
Level of effort used to assign classification AUTHORITY
040 ## - CATALOGING SOURCE
Original cataloging agency SNK
Language of cataloging slo
Transcribing agency SNK
Description conventions AACR2
041 1# - LANGUAGE CODE
Language code of text/sound track or separate title slo
Language code of original eng
044 ## - COUNTRY OF PUBLISHING/PRODUCING ENTITY CODE
MARC country code xo
ISO country code SK
072 #7 - SUBJECT CATEGORY CODE
Subject category code 821.111-3
Subject category code subdivision Anglická próza, anglicky písaná
Source konspekt
080 ## - UNIVERSAL DECIMAL CLASSIFICATION NUMBER
Universal Decimal Classification number 820-3
Edition identifier 1981
080 ## - UNIVERSAL DECIMAL CLASSIFICATION NUMBER
Universal Decimal Classification number 821.111-31
Edition identifier 2011
080 ## - UNIVERSAL DECIMAL CLASSIFICATION NUMBER
Universal Decimal Classification number (0:82-311.6)
Edition identifier 2011
100 1# - MAIN ENTRY--PERSONAL NAME
Personal name Cookson, Catherine,
Dates associated with a name 1906-1998
Relationship aut
240 14 - UNIFORM TITLE
Uniform title The Maltese Angel
Language of a work Slovensky
245 10 - TITLE STATEMENT
Title Maltézsky anjel
Remainder of title román vášní a pomsty
Statement of responsibility, etc. Catherine Cooksonová ; preklad Zora Čergovská
250 ## - EDITION STATEMENT
Edition statement 1. vyd.
260 ## - PUBLICATION, DISTRIBUTION, ETC.
Place of publication, distribution, etc. Bratislava
Name of publisher, distributor, etc. Slovenský spisovateľ
Date of publication, distribution, etc. 1994
Place of manufacture Bratislava
Manufacturer Svornosť
300 ## - PHYSICAL DESCRIPTION
Extent 333 strán
Dimensions 21 cm
490 1# - SERIES STATEMENT
Series statement Spoločnosť priateľov krásnych kníh
Volume/sequential designation zv. 561
500 ## - GENERAL NOTE
General note Preložené z angličtiny
655 #7 - INDEX TERM--GENRE/FORM
Genre/form data or focus term anglické romány
Source of term SNKPH
655 #7 - INDEX TERM--GENRE/FORM
Genre/form data or focus term historické romány
Source of term SNKPH
700 1# - ADDED ENTRY--PERSONAL NAME
Personal name Čergovská, Zora,
Dates associated with a name 1930-
Relationship trl
830 #0 - SERIES ADDED ENTRY--UNIFORM TITLE
Uniform title Spoločnosť priateľov krásnych kníh
942 ## - ADDED ENTRY ELEMENTS (KOHA)
Source of classification or shelving scheme Dewey Decimal Classification
Koha item type Krásna literatúra pre dospelých
Suppress in OPAC No
949 ## - LOCAL PROCESSING INFORMATION (OCLC)
6 270001000104470
a svkbbA 87969
b svkbbm 589995
949 ## - LOCAL PROCESSING INFORMATION (OCLC)
6 17A1015869
a snkSC 87465
b snkKSP 690/95
s 6100:20230117
949 ## - LOCAL PROCESSING INFORMATION (OCLC)
6 17A0078627
9 P60, <05>, [BOOK], {605}
a snkSC 87465 D1
949 ## - LOCAL PROCESSING INFORMATION (OCLC)
6 3869A07255
a bpksh821.111-3
b bpksh56221
949 ## - LOCAL PROCESSING INFORMATION (OCLC)
6 273K0202619
a svkpoA 164500
b svkpo406567
o PV 770/95
Holdings
Stav vyradenia Strata Poškodenie Spôsob nadobudnutia Domovská knižnica Aktuálna knižnica Dátum nadobudnutia Total checkouts Čiarový kód exemplára Date last seen Typ exemplára
      Dar Obecná knižnica Horná Štubňa Obecná knižnica Horná Štubňa 24.03.2026   4736201937 24.03.2026 Krásna literatúra pre dospelých
Projekt je podporený Slovenskou asociáciou knižníc
Prevádzkuje Turčianska knižnica Martin 2026